00648nam a2200205Ia 4500008004100000020001700041040001400058082001800072100002500090245004400115260004200159300001200201365002700213366000800240440001700248505002000265620006900285630004400354730004400398100315s9999 xx 000 0 und d a8124203520  cENGLISH  b4475 a658  a"Sethi, Subhash C. " a25 Minutes to Enhance Your Cost Cutting aNew Delhi bIndiana Books  c2003  a96p.   eRupees d1 b50.00  f0  a25 Minutes  gTushar Jadhav  aMaking profit is the sine qua non of any business organisation  a25 Minutes to Enhance Your Cost Cutting a25 Minutes to Enhance Your Cost Cutting